000 00296 a2200145 4500
001 181976
020 _a
040 _cMagnum
100 _aAmado, Eugenio
240 1 0 _aDomingo no parque
_lpor
245 1 0 _aDomingo no parque
362 0 _a1899
697 _aMAGNITO: I/ANIMAIS
942 _cBK
999 _c181976
_d181976